00731cam a2200193 a 4500999001500000001000400015003000900019005001700028008004100045040003800086082001600124245007900140260004900219300004000268650007300308710003000381942001200411952011400423 c7766d7766423BD-DhUAP20210201112327.0200315s20061992bg abf b f000 0 eng  aBD-DhUAPcBD-DhUAPdBD-DhUAPbEng a425 HOU223 aHoughton Mifflin English grammar and composition :bComposition workshops. aBoston : bHoughton Mifflin Englishc[...?]. a62 pages :billustrations ;c28 cm. aEnglish language -- Composition and exercises -- Study and teaching. aHoughton Mifflin English. 2ddccBK 00102ddc4070aUAPCLbUAPCLcReserve Stacksd2021-02-01o425 HOUp3010000423r2021-02-01t1w2021-02-01yBK